World Countries by Memory - Statistics

General Stats
  • This quiz has been taken 145 times
  • The average score is 125 of 195
Answer Stats
Answer % Correct
United States of America
87%
Canada
85%
Brazil
82%
Australia
81%
China
81%
Germany
81%
Mexico
81%
United Kingdom
81%
France
80%
Japan
80%
India
79%
Iran
79%
Russia
79%
Spain
79%
Iceland
78%
North Korea
78%
Poland
78%
Argentina
76%
Iraq
76%
Ireland
76%
South Korea
76%
Indonesia
75%
Italy
75%
Portugal
75%
Afghanistan
74%
Colombia
74%
Egypt
74%
Finland
74%
Greece
74%
Sweden
74%
Turkey
74%
Andorra
73%
Austria
73%
Chile
73%
Denmark
73%
Algeria
72%
Cuba
72%
Norway
72%
Vietnam
72%
Albania
71%
Azerbaijan
71%
Belarus
71%
Belgium
71%
Estonia
71%
Israel
71%
New Zealand
71%
Niger
71%
Pakistan
71%
South Africa
71%
Sudan
71%
Ukraine
71%
Saudi Arabia
70%
Kazakhstan
69%
Libya
69%
Malaysia
69%
Mongolia
69%
Nigeria
69%
Qatar
69%
United Arab Emirates
69%
Vatican City
69%
Yemen
69%
Armenia
67%
Bolivia
67%
Chad
67%
Croatia
67%
Democratic Republic of the Congo
67%
South Sudan
67%
Switzerland
67%
Turkmenistan
67%
Georgia
66%
Laos
66%
Netherlands
66%
Panama
66%
Peru
66%
Syria
66%
Thailand
66%
Venezuela
66%
Angola
65%
Bangladesh
65%
Bhutan
65%
Bosnia and Herzegovina
65%
Bulgaria
65%
Ghana
65%
Jordan
65%
Lithuania
65%
Madagascar
65%
Morocco
65%
Oman
65%
Paraguay
65%
Uruguay
65%
Cambodia
64%
Czech Republic
64%
Ethiopia
64%
Fiji
64%
Kyrgyzstan
64%
Latvia
64%
Luxembourg
64%
Republic of the Congo
64%
Romania
64%
Zimbabwe
64%
Dominica
63%
Ecuador
63%
Haiti
63%
Kenya
63%
Nepal
63%
San Marino
63%
Zambia
63%
Guatemala
62%
Guinea
62%
Lebanon
62%
Liechtenstein
62%
Monaco
62%
Mozambique
62%
North Macedonia
62%
Papua New Guinea
62%
Philippines
62%
Slovakia
62%
Cote d'Ivoire
61%
Dominican Republic
61%
Jamaica
61%
Kosovo
61%
Mali
61%
Moldova
61%
Myanmar
61%
Slovenia
61%
Tunisia
61%
Uzbekistan
61%
Antigua and Barbuda
60%
Bahamas
60%
Brunei
60%
Cameroon
60%
El Salvador
60%
Hungary
60%
Liberia
60%
Montenegro
60%
Nicaragua
60%
Palau
60%
Serbia
60%
Singapore
60%
Somalia
60%
Bahrain
58%
Costa Rica
58%
Cyprus
58%
Guyana
58%
Honduras
58%
Maldives
58%
Mauritania
58%
Sri Lanka
58%
Tajikistan
58%
Uganda
58%
Barbados
57%
Benin
57%
Djibouti
57%
Saint Vincent
57%
Senegal
57%
Seychelles
57%
Suriname
57%
Belize
56%
Botswana
56%
Comoros
56%
Eswatini
56%
Gabon
56%
Gambia
56%
Kuwait
56%
Lesotho
56%
Malta
56%
Marshall Islands
56%
Mauritius
56%
Namibia
56%
Saint Lucia
56%
Tanzania
56%
Tuvalu
56%
Equatorial Guinea
55%
Eritrea
55%
Nauru
55%
Saint Kitts and Nevis
55%
Solomon Islands
55%
Togo
55%
Vanuatu
55%
Burundi
54%
Grenada
54%
Kiribati
54%
Micronesia
54%
Timor-Leste
54%
Guinea-Bissau
53%
Sao Tome and Principe
53%
Tonga
53%
Rwanda
52%
Sierra Leone
51%
Burkina Faso
49%
Malawi
49%
Trinidad and Tobago
48%
Samoa
47%
Cabo Verde
38%
Central Africa Republic
12%
No matching quizzes found
Score Distribution
Percent of People with Each Score
Percentile by Number Answered
Your Score History
You have not taken this quiz